Statistics for Biggest Cities in Santa Catarina

Click here to take the quiz!

General Stats

  • This quiz has been taken 46 times
  • The average score is 17 of 25

Answers on the Map

Answers color-coded by a green-red scale on the quiz's map according to % correct below.
 

Answer Stats

PopulationCity% Correct
345,180Blumenau
97%
489,550Florianópolis
97%
145,800Balneário Camboriú
94%
214,280Criciúma
92%
577,430Joinville
92%
205,200Chapecó
89%
211,040Itajaí
83%
154,550Lages
81%
96,420Tubarão
81%
80,830Camboriú
75%
247,210São José
75%
168,110Jaraguá do Sul
67%
79,270Navegantes
64%
172,690Palhoça
64%
133,150Brusque
61%
65,660Itapema
56%
66,810Rio do Sul
56%
62,980Biguaçu
53%
60,100Concórdia
53%
57,540Gaspar
50%
56,750Araranguá
47%
81,350São Bento do Sul
42%
68,410Indaial
39%
72,250Caçador
36%
64,420Içara
25%

Score Distribution

Percentile by Number Answered

Percent of People with Each Score

Your Score History

You have not taken this quiz